| 000 | 00715 a2200229 4500 | ||
|---|---|---|---|
| 003 | OSt | ||
| 005 | 20180116182710.0 | ||
| 008 | 160503b xxu||||| |||| 00| 0 eng d | ||
| 020 | _a8171008992 | ||
| 020 | _a9788171008995 | ||
| 040 | _c0 | ||
| 082 | _a658.8 THA 1997 | ||
| 100 | _aDevendra Thakur | ||
| 245 | 0 | 0 |
_aMarketing in today's economy. _cDevendra Thakur |
| 260 |
_a[S.l.] : _bDeep & Deep, _c1997. |
||
| 300 | _a214 p. | ||
| 500 | _aImport. | ||
| 500 | _aUnknown Binding. | ||
| 856 | 4 | 0 |
_3Amazon.com _uhttp://www.amazon.com/exec/obidos/ASIN/8171008992/chopaconline-20 |
| 856 | 4 | 0 |
_3Amazon customer reviews _uhttp://www.chopac.org/cgi-bin/tools/azrev.pl?q=8171008992 |
| 942 |
_aNBS _cBK _k658.8 THA _2ddc |
||
| 999 |
_c344360 _d344360 |
||